000 01182nam a22002417a 4500
008 230321s2022 xxk|||||o|||| 00| 0 eng d
041 _aeng
110 _aRoyal Institution of Chartered Surveyors
245 _aParty Wall etc. Act 1996
_ba clear impartial guide
_h[Electronic resource]
250 _aRICS Consumer guide
260 _aLondon,
_bRoyal Institution of Chartered Surveyors,
_c2022
300 _a12p.
490 _aRICS Consumer guide
520 _aThe guide aims to simplify the Act which requires property owners in England and Wales to follow a specific procedure when undertaking building work which involves a party wall or fence wall. The Act requires that, where the adjoining owner does not agree to the works, a surveyor will determine the time and manner in which the works can be carried out.
650 _aNEIGHBOUR DISPUTES
650 _aPARTY WALLS
650 _aPARTY WALL ETC. ACT 1996
651 _aUnited Kingdom
690 _96225
_aBuilding surveying
710 _aRoyal Institution of Chartered Surveyors
856 _uhttps://www.ricsfirms.com/media/1294/party-walls-consumer-guide-2022.pdf
_zAvailable free on RICS.org
942 _n0
999 _c121405
_d121405